000
00303 a2200133 4500
001
151457
040
_c
Escola São Tomás de Aquino
100
_a
SALLES, Ruth
240
1
0
_a
Para toda criança
_l
por
245
1
0
_a
Para toda criança
440
1
_a
Ática
697
_a
*LITERATURA INFANTO
942
_c
BK
999
_c
151457
_d
151457